Born in Portsmouth - Statistics

General Stats
  • This quiz has been taken 48 times
    9 since last reset
  • The average score is 4 of 9
Answer Stats
Hint Answer % Correct
Writer, "Oliver Twist" "David Copperfield" "A Tale of Two Cities" 1812 Charles Dickens
100%
Actor, "Dr. Strangelove" "The Pink Panther" series 1925 Peter Sellers
89%
Important engineer of the Industrial Revolution 1806 Isambard Kingdom Brunel
78%
Prime Minister of the United Kingdom from 1976 to 1979 1912 James Callaghan
67%
Footballer who plays for Manchester United and the English national team 1999 Mason Mount
33%
Creator of the concept of Ragged schools 1766 John Pounds
22%
Director of "Pillion" 1992 Harry Lighton
0%
British-American football coach, she won two Women's World Cups as coach of the United States national team 1966 Jill Ellis
0%
Former cyclist and World Champion 1973 Rob Hayles
0%
No matching quizzes found
Score Distribution
Percent of People with Each Score
Percentile by Number Answered
Your Score History
You have not taken this quiz since the last reset